| 000 | 01390nam a2200337 a 4500 | ||
|---|---|---|---|
| 001 | 000113676 | ||
| 003 | CHAP | ||
| 005 | 20220329144407.0 | ||
| 008 | 170906s2017 mx a fsm |||||||spa d | ||
| 010 | _a110137 | ||
| 011 | _a111109 | ||
| 040 | _cCHAP | ||
| 090 | _aTesis | ||
| 100 | 1 |
_aOlvera Galicia, Marco Antonio _9133231 |
|
| 245 | 1 | 0 |
_aProyecto de arborización urbana en el parque industrial Xalostoc en el municipio de Ecatepec de Morelos, Estado de México / _h[En línea] _cpor Marco Antonio Olvera Galicia y Alejandro López Serrato. |
| 260 |
_aChapingo, Méx. : _bEl autor, _c2017. |
||
| 500 | _aPara ver el contenido del material haga clic en la liga | ||
| 502 | _aTesis (Lic. en Comercio Internacional de Productos Agropecuarios) -- UACH. División de Ciencias Económico Administrativas | ||
| 590 |
_aBATCH-UPD _b05 _c20170906 _lUCH01 _h1440 |
||
| 590 |
_aE8697GMM _b05 _c20170906 _lUCH01 _h1347 |
||
| 590 |
_aE8697GMM _b05 _c20170906 _lUCH01 _h1439 |
||
| 590 |
_aE8697GMM _b05 _c20170906 _lUCH01 _h1443 |
||
| 650 | 1 | 4 |
_aArboricultura urbana _zMéxico (Edo.) _96705 |
| 650 | 1 | 4 |
_aZonas industriales _xArquitectura del paisaje. _9133234 |
| 650 | 1 | 4 |
_aZonas industriales _xPlanificación. _9133233 |
| 700 | 1 |
_aLópez Serrato, Alejandro _9133232 |
|
| 856 |
_aFinding aid _uhttp://10.13.5.2/tesis/sist113676.pdf _zTeclea aquí |
||
| 901 | _aBK | ||
| 942 | _cTESIS | ||
| 942 | _n0 | ||
| 999 |
_c110137 _d110137 |
||